| 000 | 00902nam a22002537a 4500 | ||
|---|---|---|---|
| 003 | OSt | ||
| 005 | 20250924121226.0 | ||
| 008 | 210915b2007 ck a|||br|||| 00| j spa d | ||
| 020 | _a9789588321349 | ||
| 037 | _aDonación | ||
| 040 |
_aCO-JMCR _cCO-JMCR _bspa _dCO-JMCR _erda |
||
| 041 | 0 | _aspa | |
| 082 | 0 | 4 |
_aC _bDAt _223 |
| 100 | 1 |
_aDa Coll, Ivar, _eautor _940465 |
|
| 245 | 1 | 0 |
_aTengo miedo / _cIvar Da Coll |
| 260 |
_aBogotá : _bAlcaldía Mayor de Bogotá : Secretaría Distrital de Cultura, Recreación y Deporte, _c2007 |
||
| 300 |
_a40 páginas : _bilustraciones a blanco y negro ; _c17 cm. |
||
| 650 | 2 | 4 |
_aCuentos infantiles colombianos _ySiglo XX _940466 _2JMCR |
| 650 | 2 | 4 |
_aMiedo en la literatura _940467 _2JMCR |
| 650 | 2 | 4 |
_aNiños en la literatura _96989 _2JMCR |
| 650 | 2 | 4 |
_aMonstruos en la literatura _913996 _2JMCR |
| 650 | 2 | 4 |
_aAmistad en la literatura _91249 _2JMCR |
| 942 |
_2ddc _cBK |
||
| 999 |
_c15603 _d15603 |
||